Sage handbook of research on classroom assessment
A comprehensive source of research on all aspects of classroom assessment
Spremljeno u:
| Format: | Knjiga |
|---|---|
| Jezik: | Undetermined |
| Izdano: |
Los Angeles
Sage Publications
2013
|
| Teme: | |
| Oznake: |
Dodaj oznaku
Bez oznaka, Budi prvi tko označuje ovaj zapis!
|
| Thư viện lưu trữ: | Trung tâm Học liệu Trường Đại học Cần Thơ |
|---|
| LEADER | 00722nam a2200205Ia 4500 | ||
|---|---|---|---|
| 001 | CTU_198831 | ||
| 008 | 210402s9999 xx 000 0 und d | ||
| 020 | |c 4021000 | ||
| 082 | |a 371.262 | ||
| 082 | |b S129 | ||
| 245 | 0 | |a Sage handbook of research on classroom assessment | |
| 245 | 0 | |c edited by James H. McMillan, Virginia Commonwealth University. | |
| 260 | |a Los Angeles | ||
| 260 | |b Sage Publications | ||
| 260 | |c 2013 | ||
| 520 | |a A comprehensive source of research on all aspects of classroom assessment | ||
| 650 | |a Web sites,Kiểm tra giáo dục và các phép đo | ||
| 650 | |x Educational tests and measurements | ||
| 904 | |i Bằng | ||
| 980 | |a Trung tâm Học liệu Trường Đại học Cần Thơ | ||